|
|
|
|
| LEADER |
00000nam a2200000 a 4500 |
| 001 |
vtls010266919 |
| 003 |
SK-MaSNL |
| 005 |
20260301031618.0 |
| 007 |
co bg auuua |
| 008 |
180809s2010 xo o fs 100 0 slo |
| 015 |
|
|
|a SNBS2013
|
| 020 |
|
|
|a 9788080948269
|q (elektronická kniha)
|
| 040 |
|
|
|a SNK
|b slo
|c SNK
|e AACR2
|
| 041 |
0 |
|
|a slo
|b eng
|
| 044 |
|
|
|a xo
|c SK
|
| 072 |
|
7 |
|a 39
|x Etnológia. Etnografia. Folklór
|2 konspekt
|
| 080 |
|
|
|a 39
|2 2001
|
| 080 |
|
|
|a (0.034.44)
|2 2001
|
| 080 |
|
|
|a (062.534)
|2 2001
|
| 245 |
0 |
0 |
|a Etnologické reflexie vedecko-výskumných prác mladých vedeckých pracovníkov
|h elektronický zdroj
|c [Dagmara Bacová, Anna Kasanová (editorky)]
|
| 260 |
|
|
|a Nitra
|b Univerzita Konštantína Filozofa
|c 2010
|
| 300 |
|
|
|a 1 elektronický optický disk (CD-ROM)
|b fotogr.
|c 12 cm
|
| 500 |
|
|
|a Názov z titulnej obrazovky
|
| 504 |
|
|
|a Bibliogr. odkazy
|
| 516 |
|
|
|a Textový dokument (zborník), 2 súbory vo formáte pdf
|
| 536 |
|
|
|a Zborník vznikol ako výsledok projektu UGA Filozofickej fakulty Univerzity Konštantína Filozofa
|
| 538 |
|
|
|a Technické požiadavky: PDF prehliadač
|
| 546 |
|
|
|a Res. angl.
|
| 650 |
0 |
7 |
|a etnológia
|2 SNKPH
|9 715
|
| 650 |
0 |
7 |
|a Ethnology
|2 SNKPHeng
|9 265419
|
| 655 |
|
7 |
|a elektronické zdroje
|2 SNKPH
|9 90954
|
| 655 |
|
7 |
|a CD-ROM
|2 SNKPH
|9 70236
|
| 655 |
|
7 |
|a zborníky konferencií
|2 SNKPH
|9 70153
|
| 655 |
|
7 |
|a Electronic resources
|2 SNKPHeng
|9 175546
|
| 655 |
|
7 |
|a Proceedings of conferences
|2 SNKPHeng
|9 265791
|
| 700 |
1 |
|
|a Bacová, Dagmara
|4 edt
|9 327407
|
| 700 |
1 |
|
|a Kasanová, Anna
|4 edt
|9 71870
|
| 919 |
|
|
|a 978-80-8094-826-9
|
| 958 |
|
|
|a NB
|
| 999 |
|
|
|c 577010
|d 578940
|
| 952 |
|
|
|a SNK
|b SNK
|y PREZ
|7 0
|p 17A0695228
|o snkSCDM 3623
|i snk2011/7130
|8 0
|0 0
|1 0
|4 0
|d 2011-03-29
|l 0
|r 2026-02-23 14:37:05
|w 2026-02-23
|
| 952 |
|
|
|a SNK
|b SNK
|y PREZ
|7 0
|p 17A0695229
|o snkSCDM 3623 D1
|i snk2011/7131
|8 0
|0 0
|1 0
|4 0
|d 2011-03-29
|l 0
|r 2026-02-23 14:37:05
|w 2026-02-23
|